00227nam a2200097Ia 4500008004100000041000800041100001200049245004000061650000900101999001900110230605s9999 xx 000 0 und d aeng aKasvana aManaging Front Office Operations( 1 aF.O. c417258d417258